000 00579nam a2200205Ia 4500
005 20250923145514.0
008 008 250917s9999 xx 000 0 eng d
037 _aTextual
040 _aDSWL
_beng
_cDSWL
041 _aeng
_2eng
084 _aYv41, N79
_qDSWL
100 _aWong, Siu-Lun
_9836018
245 0 _aSciology and socialism in contemporary China
_c by Siu-Lun Wong
260 _aLondon
_bRoutledge
_c1979
300 _axii,147,15p.
365 _aINR
_b95.22
925 _g95.22
942 _cTEXL
_hYv41, N79
999 _c1452173
_d1452173